| 000 -LEADER |
| fixed length control field |
00446cam a22001571a 4500 |
| 008 - FIXED-LENGTH DATA ELEMENTS--GENERAL INFORMATION |
| fixed length control field |
131009b xxu||||| |||| 00| 0 ger |
| 020 ## - INTERNATIONAL STANDARD BOOK NUMBER |
| International Standard Book Number |
3499168197 |
| 041 ## - LANGUAGE CODE |
| Language code of text/sound track or separate title |
ger |
| 080 ## - UNIVERSAL DECIMAL CLASSIFICATION NUMBER |
| Universal Decimal Classification number |
007:57 |
| 100 1# - Rafti |
| Rafti |
Cube, Felix von. |
| 245 10 - TITLE STATEMENT |
| Title |
Technik des Lebendigen : |
| Statement of responsibility, etc |
Felix von Cube. |
| 260 ## - |
| -- |
Stuttgart : |
| -- |
Deutsche Verlags-Anstalt, |
| -- |
1970. |
| 300 ## - |
| -- |
118 f. : |
| -- |
me il. ; |
| -- |
25 cm. |
| 650 #0 - |
| -- |
Kibernetika |
| 942 ## - ADDED ENTRY ELEMENTS (KOHA) |
| Source of classification or shelving scheme |
|
| Item type |
Books |